| 000 | 00667nam a2200217 a 4500 | ||
|---|---|---|---|
| 001 | BRL_432 | ||
| 005 | 20190320210734.0 | ||
| 008 | 120813s1983----mx-#######---#000-0#spa-# | ||
| 041 | _aspa | ||
| 044 | _amx | ||
| 050 | 4 |
_aF1232 _b.C78 1983 |
|
| 100 | 1 |
_aCruz, Víctor de la _d1948- _923895 |
|
| 245 | 1 | 0 |
_aLa rebelión de Che Gorio Melendre _cVíctor de la Cruz. |
| 260 |
_aMéxico _bPublicaciones del H. Ayuntamiento Popular de Juchitán _c1983 |
||
| 300 |
_a70 p. _c23 cm. |
||
| 500 | _aAu434 | ||
| 600 | 1 | 4 |
_aMeléndez, José Gregorio _d1793-1853 _923896 |
| 651 | 4 |
_aMéxico _xHistoria _yGuerra de Independencia, 1810-1821 _923897 |
|
| 902 | _aGRL | ||
| 942 |
_2lcc _cB |
||
| 999 |
_c9244 _d9244 |
||